| 000 | 00473nam a2200181Ia 4500 | ||
|---|---|---|---|
| 005 | 20240726024331.0 | ||
| 008 | 240331s9999 xx 000 0 und d | ||
| 020 | _a0761996656 | ||
| 082 |
_a294.3 _bOMV |
||
| 100 | _aOmvedt, G | ||
| 245 | 0 |
_aBuddhism in India : _bchallenging Brahmanism and caste |
|
| 260 |
_aNew Delhi _bSage Publications India Pvt Ltd _c2003 |
||
| 300 | _axiii, 314 p ., | ||
| 650 | _aBuddhism | ||
| 650 | _aRelations | ||
| 650 | _aHistory | ||
| 942 | _cL | ||
| 999 |
_c925 _d925 |
||